කවුරුත් ගුණ ඇති කළගුණ සලකති
Kawruth Guna Athi Kalaguna Salakathi
Saved in:
| Format: | Book |
|---|---|
| Language: | Sinhalese |
| Tags: |
Add Tag
No Tags, Be the first to tag this record!
|
MARC
| LEADER | 00000nam a2200000 4500 | ||
|---|---|---|---|
| 003 | LK-CoNLD | ||
| 005 | 20220518110643.0 | ||
| 008 | 220518b |||||||| |||| 00| 0 sin d | ||
| 015 | |2 slnb | ||
| 017 | |a 375619 |b LK-CoDNA | ||
| 020 | |a 9789550335145 | ||
| 040 | |a LK-CoNLD |b SIN |c LK-CoNLD |d LK-CoNLD | ||
| 082 | |2 23 |q LK-CoNLD | ||
| 245 | |6 880-1 |a කවුරුත් ගුණ ඇති කළගුණ සලකති | ||
| 880 | |6 245-1 |a Kawruth Guna Athi Kalaguna Salakathi | ||
| 942 | |c BOOK | ||
| 999 | |c 254157 |d 254157 | ||